Español 3 : (Registro nro. 9804)

Detalles MARC
000 -LIDER
fixed length control field 01861nam a2200409 a 4500
001 - NÚMERO DE CONTROL
Identificador de número de control 00003869
003 - IDENTIFICACDOR DE NÚMERO DE CONTROL
control field DO-SdBNP
005 - DATE AND TIME OF LATEST TRANSACTION
control field 20180312110011.0
007 - CAMPOS FIJOS DE DESCRIPCIÓN FÍSICA
fixed length control field 000013521
008 - ELEMENTOS DE LONGITUD FIJA
fixed length control field 091117s2014 dr ac 000 0 spa d
020 ## - ISBN
International Standard Book Number 9789945118803 (1)
020 ## - ISBN
International Standard Book Number 9789945118773 (2)
020 ## - ISBN
International Standard Book Number 9789945118742 (3)
040 ## - FUENTE DE CATALOGACIÓN
Agencia que crea de manera original el registro BPMSU
Idioma de catalogación spa
Agencia que realiza la transcripción BPMSU
082 04 - NÚMERO DE CLASIFICACIÓN DECIMAL DE DEWEY
Classification number 372.6561
Item number I37e 3ro. 2014
100 1# - ASIENTO PRINCIPAL -- NOMBRE PERSONAL
Nombre personal Incháustegui, María Isabel
245 10 - MENCIÓN DE TITULO
Título Español 3 :
Subtítulo educación básica /
Mención de responsabilidad María Isabel Incháustegui ; dirección editorial Claudia Llibre ; ilustraciones Ruddy Núñez ... [et.al.].
260 ## - PUBLICACIÓN, DISTRIBUCIÓN, ETC. (PIE DE IMPRENTA)
Lugar de publicación, distribución, etc Santo Domingo :
Nombre del editor, distribuidor, etc. Santillana,
Fecha de publicación, distribución, etc 2014.
300 ## - DESCRIPCIÓN FÍSICA
Extensión 3v. :
Otros detalles físicos il., retrs. ;
Dimensiones 28 cm. +
Material complementario CD-ROM
490 1# - MENCIÓN DE SERIES
Mención de serie Proyecto todos juntos
505 0# - NOTA DE CONTENIDO
Información miscelánea v. 3 :
-- Unidad 1 --
Título Mujeres de nuestra historia --
Información miscelánea Unidad 2 --
Título Aprendo a cuidar las plantas --
Información miscelánea Unidad 3 --
Título Juntos por los valores --
Información miscelánea Unidad 4 --
Título Motivos de cartas --
Información miscelánea Unidad 5 --
Título ¡Que vivan las noticias! --
Información miscelánea Unidad 6 --
Título Compartimos en familia --
Información miscelánea Unidad 7 --
Título Aprendo con fábulas --
Información miscelánea Unidad 8 --
Título Me divierto con historietas --
Información miscelánea Unidad 9 --
Título Un tesoro que debemos respetar --
Información miscelánea Unidad 10 --
Título Me gustan los juegos con palabras --
650 #4 - ENCABEZAMIENTO DE MATERIA--TEMÁTICO
Término temático o nombre geográfico como elemento de entrada ESPAÑOL
Subdivisión temática general ESTUDIOS Y EJERCICIOS
650 #4 - ENCABEZAMIENTO DE MATERIA--TEMÁTICO
Término temático o nombre geográfico como elemento de entrada ESPAÑOL
Subdivisión temática general LIBROS DE TEXTOS
650 #4 - ENCABEZAMIENTO DE MATERIA--TEMÁTICO
Término temático o nombre geográfico como elemento de entrada ESPAÑOL
Subdivisión temática general EDUCACIÓN PRIMARIA
650 #4 - ENCABEZAMIENTO DE MATERIA--TEMÁTICO
Término temático o nombre geográfico como elemento de entrada ESPAÑOL
Subdivisión temática general ENSEÑANZA BÁSICA
650 #4 - ENCABEZAMIENTO DE MATERIA--TEMÁTICO
Término temático o nombre geográfico como elemento de entrada ESPAÑOL
Subdivisión temática general EDUCACIÓN PRIMARIA
700 1# - ASIENTO SECUNDARIO -- NOMBRE PERSONAL
Nombre personal Llibre, Claudia
Mención de responsabilidad ed.
700 1# - ASIENTO SECUNDARIO -- NOMBRE PERSONAL
Nombre personal Núñez, Rudy
Mención de responsabilidad il.
830 #0 - ASIENTO SECUNDARIO DE SERIE--TÍTULO UNIFORME
Título uniforme Proyecto todos juntos
910 ## - VALIDACIÓN
Validación Validado. Control de calidad MFF
942 ## - ADDED ENTRY ELEMENTS (KOHA)
Source of classification or shelving scheme Dewey Decimal Classification
Koha item type Libros
945 ## - INFORMACIÓN DE PROCESAMIENTO LOCAL
Información de procesamiento local Remanejada para la BNPHU 2018 / BT
956 ## - LOCAL ELECTRONIC LOCATION AND ACCESS (OCLC)
Nombre de host DGARCIA
Número de acceso 10
Información de compresión 20150812
Inicio de sesión BND01
Procesador de solicitud 1025
956 ## - LOCAL ELECTRONIC LOCATION AND ACCESS (OCLC)
Nombre de host YLOCKWARD
Número de acceso 10
Información de compresión 20150812
Inicio de sesión BND01
Procesador de solicitud 1403
956 ## - LOCAL ELECTRONIC LOCATION AND ACCESS (OCLC)
Nombre de host VMATEO
Número de acceso 10
Información de compresión 20150812
Inicio de sesión BPMSU
Procesador de solicitud 00151
956 ## - LOCAL ELECTRONIC LOCATION AND ACCESS (OCLC)
Nombre de host LOPEREZ
Número de acceso 10
Información de compresión 20160418
Inicio de sesión BPMSU
Procesador de solicitud 00041
Existencias
Withdrawn status Lost status Source of classification or shelving scheme Damaged status Not for loan Collection code Home library Current library Date acquired Source of acquisition Total Checkouts Full call number Barcode Date last seen Price effective from Koha item type
    Dewey Decimal Classification     Colección Escolar Biblioteca Pública Metropolitana Salomé Ureña Biblioteca Pública Metropolitana Salomé Ureña 04/19/2016 Donación   372.6561 I37e 3ro. 2014 v. 1 BPMSU16040549 04/19/2016 04/19/2016 Libros
    Dewey Decimal Classification     Colección Escolar Biblioteca Pública Metropolitana Salomé Ureña Biblioteca Pública Metropolitana Salomé Ureña 04/19/2016 Donación   372.6561 I37e 3ro. 2014 v. 2 Guía BPMSU16040550 04/19/2016 04/19/2016 Libros
    Dewey Decimal Classification     Colección Escolar Biblioteca Pública Metropolitana Salomé Ureña Biblioteca Pública Metropolitana Salomé Ureña 04/19/2016 Donación   372.6561 I37e 3ro. 2014 v. 3 Cuaderno BPMSU16040551 04/19/2016 04/19/2016 Libros